000 00900nam a22002897a 4500
001 5790
003 FISKH
005 20250122150734.0
008 250122b cb ||||| |||| 00| 0 eng d
020 _a9780545478243
040 _aFISKH
_beng
_cFISKH
_dFISKH
050 _aQ173.D693
082 _a001.94
100 _aDoyle,Oliver
245 _aStrange mysteries of the unexplained /
_cby Oliver Doyle
250 _aFirst Scholastic edition, July 2012
260 _aNew York :
_bScholastic ,
_c2012.
300 _a96 pages :
_bcolor illustrations, maps ;
_c23 cm .
505 _aZ
520 _aExplores unverified phenomena such as Atlantis, giant squids, Bigfoot, crop circles, and alien encounters.
521 8 _a1030
_bLexile
521 8 _aZ
_bRaz-Plus
650 _aparanormal
_vnon-fiction
700 _aOvery, Kate
_eeditor
942 _2ddc
_cBK
_n0
999 _c5790
_d5790